| 000 | 00788nam a22002417a 4500 | ||
|---|---|---|---|
| 005 | 20170124105928.0 | ||
| 010 | _aA-381068 | ||
| 020 | _c80.00 | ||
| 035 | _aA-381068 | ||
| 037 | _bCen Lib/Ret | ||
| 040 |
_aDPL _bEN |
||
| 082 |
_a371.425 _bAGA |
||
| 100 |
_aAggarwal, J.C. _92161 |
||
| 245 |
_aVocational education in india why, what and how : _cby J.C. Aggarwal, S.P. Agarwal _bphilosophy, history problems and prospects of successful implimentation / |
||
| 260 |
_aDelhi _bDoaba House _c1987 |
||
| 270 |
_bDelhi _a1688, nai sarak _e110006 |
||
| 300 |
_aviii, 199p. _c21cm(Hb) |
||
| 500 | _aIncludes appendix | ||
| 650 |
_aVocational education _97658 |
||
| 650 |
_aPhilosophy _940266 |
||
| 700 |
_aAgarwal, S.P. _97660 |
||
| 942 |
_2ddc _cEN _h371.425 _mAGA |
||
| 999 |
_c123675 _d123675 |
||